| 000 | 01232nam a2200361 c 4500 | ||
|---|---|---|---|
| 001 | 45283 | ||
| 003 | ES-MaCES | ||
| 005 | 20240320040004.0 | ||
| 008 | 141027s2014 sp | 000 | spa d | ||
| 017 |
_aM 14048-2014 _bDL |
||
| 020 | _a9788428335386 | ||
| 040 |
_aES-MaCES _bspa _cES-MaCES |
||
| 245 | 0 | 0 |
_aEconomía española _b: estructura y regulación _ccoordinadores, José Manuel García de la Cruz, Santos M. Ruesga Benito |
| 250 | _a2ª ed | ||
| 260 |
_aMadrid _bParaninfo _c2014 |
||
| 300 |
_aXXVI, 408 p. _bgráf., mapas bl. y n. _c24 cm |
||
| 504 | _aBibliografía. Bibliografía: p. 395-408 | ||
| 541 | _cCompra | ||
| 650 | 4 |
_aeconomía _926781 |
|
| 650 | 4 |
_acondiciones económicas _927081 |
|
| 650 | 4 |
_aestructura económica _927084 |
|
| 650 | 4 |
_apolítica económica _927025 |
|
| 650 | 4 |
_alegislación económica _927161 |
|
| 650 | 4 |
_aEspaña _926964 |
|
| 650 | 4 |
_aUEM _930760 |
|
| 650 | 4 |
_ainternacional _926674 |
|
| 653 | 1 | 0 | _aCondiciones económicas |
| 700 | 1 |
_aGarcía de la Cruz, José Manuel _ecol. _912842 |
|
| 700 | 1 |
_aRuesga Benito, Santos Miguel _ecol. _922800 |
|
| 775 | 0 |
_tEconomía española, estructura y regulación _w(ES-MaCES)20170 |
|
| 902 | _aLIB Libro | ||
| 942 |
_2CES _cBK _h0.0. |
||
| 999 |
_c45283 _d45283 |
||